00291nam a2200121Ia 4500008004100000082001000041100002000051245001700071260003900088300000800127630001700135730001700152100204s9999 xx 000 0 und d b22010 aWODEHOUSE P. G. aUNEASY MONEY b"MMETHUNE & CO. LTD, LONDON"c1935 a279 aUNEASY MONEY aUNEASY MONEY